Novo México - Statistics

Estatísticas Gerais
  • Esse quiz foi jogado 3 vezes
  • A pontuação média é 3 de 14
Estatísticas das Respostas
Imagem Resposta % Correto
Albuquerque
67%
Georgia O'Keeffe Museum
67%
Petroglyph National Monument
67%
Santa Fé
67%
Aztec Ruins National Monument
33%
Gila Cliff Dwellings National Monument
33%
Continental Divide Trail
0%
Cumbres and Toltec Scenic Railroad
0%
Monumento Nacional Bandelier
0%
Monumento Nacional de White Sands
0%
Parque Nacional das Cavernas de Carlsbad
0%
Parque Nacional Histórico da Cultura Chaco
0%
Ruidoso
0%
Taos
0%
Nenhum quiz correspondente encontrado
Distribuição das Pontuações
Porcentagem de Pessoas com Cada Pontuação
Percentil de Números Respondidos
Sua Pontuação Histórica
Você não jogou esse quiz